Demasiados abogados.

Uloženo v:
Podrobná bibliografie
Hlavní autor: Calamandrei, Piero
Médium: Kniha
Jazyk:španělština
Vydáno: Madrid, España Librería General de Victoriano Suárez 1926
Edice:Biblioteca de la Revista de Derecho Privado. A1
Témata:
Tagy: Přidat tag
Žádné tagy, Buďte první, kdo vytvoří štítek k tomuto záznamu!

MARC

LEADER 00000cam a2200000 a 4500
001 UCC5822
003 CL-VaPUC
005 20210814001334.0
008 181031e19260000sp |||||||||||||||||spa|d
999 |c 372931  |d 372929 
040 |c Pontificia Universidad Católica de Valparaíso 
082 0 4 |a 340.023 CAL 1926  |2 21 
100 0 |a Calamandrei, Piero  |9 600211 
245 1 0 |a Demasiados abogados. 
260 0 3 |a Madrid, España  |b Librería General de Victoriano Suárez  |c 1926 
300 |a 303 páginas. 
490 0 |a Biblioteca de la Revista de Derecho Privado.  |v A1 
583 |a last modification  |c 20181031 17:21:00  |k Rodrigo Vera 
650 0 |a Abogados  |9 256284 
650 0 |a Opinión pública  |9 255512 
650 7 |a REFORMAS JUDICIALES  |2 CL-VaPUC  |9 375262 
650 7 |a SOCIEDAD DE ABOGADOS  |2 CL-VaPUC  |9 400167 
942 |c BK  |2 ddc 
945 |d 20181031 17:21:00  |a dcastane 
952 |0 0  |1 0  |2 ddc  |3 erb  |4 0  |6 340_023000000000000_CAL_1926  |7 0  |8 P  |9 490815  |a BIBDER  |b BIBDER  |e Mateluna Arestizabal, Alfredo Sergio  |i 5490154  |o 340.023 CAL 1926  |p 5490154  |r 2023-01-25  |t 1  |w 2019-11-24  |y BK  |z Catalogado en:20181031  |k DER